Geboren in Troisdorf - Statistiken

Allgemein
  • Dieses Quiz wurde 19 mal gespielt
  • Das Durchschnittsergebnis liegt bei 2 aus 7
Antwortstatistiken
Hinweis Antwort % Korrekt
Kabarettist und seit 2021 Moderator von TV total 1976 Sebastian Pufpaff
58%
Intendant des Westdeutschen Rundfunks seit 2013 und früherer Moderator der "Tagesthemen" 1958 Tom Buhrow
42%
Fußballspieler, Werder Bremen und früherer Nationalspieler 1994 Mitchell Weiser
37%
Tennisspielerin und Wimbledon-Finalistin 2013 1989 Sabine Lisicki
37%
Fernsehmoderatorin, "Joko gegen Klaas" "Die beste Show der Welt" 1981 Jeannine Michaelsen
11%
ehemalige Moderne Fünfkämpferin, olympische Goldmedailengewinnerin und erfolgreichste Athletin in der Geschichte ihrer Sportart 1986 Lena Schöneborn
5%
Grünen-Politiker, ehemaliger Landesvorsitzender seiner Partei in NRW und seit 2022 Bundesbeauftragter für die Akzeptanz sexueller und geschlechtlicher Vielfalt 1979 Sven Lehmann
5%
Keine übereinstimmenden Quizze gefunden
Verteilung der Resultate
Anzahl Personen mit jedem Resultat
Perzentil nach korrekt beantworteten Fragen
Ihre Resultats-Entwicklung
Sie haben dieses Quiz noch nicht gespielt